A-Z of popular garden plants (Record no. 391697)

000 -LEADER
fixed length control field 00388cam a22001457a 4500
008 - FIXED-LENGTH DATA ELEMENTS--GENERAL INFORMATION
fixed length control field 180718b1997 xxu||||| |||| 00| 0 eng d
020 ## - INTERNATIONAL STANDARD BOOK NUMBER
International Standard Book Number 1851527966
082 ## - DEWEY DECIMAL CLASSIFICATION NUMBER
Classification number Z27 B126
245 ## - TITLE STATEMENT
Title A-Z of popular garden plants
Statement of responsibility, etc. edited by Alan Titchmarsh
260 ## - PUBLICATION, DISTRIBUTION, ETC.
Place of publication, distribution, etc. London
Name of publisher, distributor, etc. Chancellor
Date of publication, distribution, etc. 1997
300 ## - PHYSICAL DESCRIPTION
Extent 256p.
650 ## - SUBJECT ADDED ENTRY--TOPICAL TERM
Topical term or geographic name entry element Plants, Ornamental
650 ## - SUBJECT ADDED ENTRY--TOPICAL TERM
Topical term or geographic name entry element Gardens
700 ## - ADDED ENTRY--PERSONAL NAME
Personal name Titchmarsh, Alan
Holdings
Withdrawn status Lost status Damaged status Not for loan Permanent Location Current Location Date acquired Full call number Barcode Date last seen Price effective from Koha item type
        Indian Institute of Public Administration Indian Institute of Public Administration 2000-03-25 Z27 B126 74919 2018-07-21 2018-07-21 Book

Powered by Koha